000 01037cam a2200337 a 4500
001 59011
003 CO-BoRNBP
005 20250901230132.0
007 ta
008 960708s1994 ck a r 00011 spa d
020 _a9580708517
040 _ala
_cla
041 1 _aspa
_heng
082 0 4 _aI819.3
_bM85p
_219 ed.
084 _aC MUN1
100 1 _aMunsch, Robert N.,
_d1945-
_962437
245 1 3 _aEl papá de David /
_cRobert N. Munsch ; ilustraciones Michael Martchenko ; traducción Shirley Langer.
250 _a1a. edición
300 _a[30] p. :
_bil. ;
_c22 cm.
336 _2rdacontent
_atexto
_btxt
337 _2rdamedia
_asin mediación
_bn
338 _2rdacarrier
_avolumen
_bnc
534 _tDavid's Father.
650 7 _aCuentos infantiles canadienses.
_2BLAAUTO
650 7 _aPadres
_v Cuentos.
_2BLAAUTO
_964626
650 7 _aGigantes
_v Cuentos.
_2BLAAUTO
_964627
700 1 _aLanger, Shirley,
_etr.
_964628
700 1 _aMartchenko, Michael,
_d1942-
_eil.
_962438
942 _2ddc
_cBK
949 _an
_bn
999 _c59011
_d59011